Lékařka Samantha

Bibliographic Details
Main Author: Wood, Barbara, 1947- (Author)
Other Authors: Štechová, Petra, 1957- (Translator)
Format: Book
Language:Czech
English
PhysicalDescription:390 s. 21 cm
Published: Bratislava Slovenský spisovateľ c1997
ISBN:8022007749
Subjects:

MARC

LEADER 00000cam a2200000 a 4500
001 vtls001285105
003 SK-MaSNL
005 20260301155334.0
008 240314s1997 xo era 00 f cze
015 |a SNBA1997/0802351 
020 |a 8022007749 
035 |a SNK000236614 
035 |a urn:nbn:sk:snk-amkg9p 
035 |a urn:nbn:sk:snk-am008fsw 
035 |a 325246BE-5EE7-4E2A-B019-A54402BEC28D 
040 |a SNK  |b slo  |c SNK  |e AACR2 
041 1 |a cze  |h eng 
044 |a xo  |c SK 
080 |a 820 (73)-3=850  |2 1981 
100 1 |a Wood, Barbara,  |d 1947-  |4 aut  |9 207025 
240 1 0 |a Domina  |l Česky 
245 1 0 |a Lékařka Samantha  |c Barbara Woodová 
260 |a Bratislava  |b Slovenský spisovateľ  |c c1997 
300 |a 390 s.  |c 21 cm 
500 |a Z angického originálu preložila Petra Štechová 
655 7 |a americké romány  |2 SNKPH  |9 1174 
700 1 |a Štechová, Petra,  |d 1957-  |4 trl  |9 108897 
852 |a Slovenská národná knižnica 
919 |a 80-220-0774-9 
954 |a beletria cudzojazyčná (svetová)  |2 lita 
958 |a OND 
958 |a TL 
958 |a UP 
958 |a LX 
958 |a NS 
958 |a CZ 
958 |a US 
968 |a Čes  |b ENG 
999 |c 800556  |d 802486 
952 |t P60, <09>, [BOOK], {629}  |a SNK  |b SNK  |y NEVYP  |7 0  |o snkC 1083  |i snk2039/970513  |0 0  |1 0  |4 0  |d 1997-05-12  |l 0  |r 2005-01-02 00:00:00  |w 2026-02-24 
952 |t P60, <03>, [BOOK], {603}  |a SNK  |b SNK  |y PREZ  |7 0  |p 17A0063165  |o snkSC 93027  |i snkKSP 4655/97  |0 0  |1 0  |4 0  |d 1997-05-12  |f 1  |l 0  |r 2025-09-11 00:00:00  |w 2026-02-24 
952 |t P60, <04>, [BOOK], {605}  |a SNK  |b SNK  |y VYP  |7 0  |p 17A0063166  |o snkSC 93027 D1  |i snkKSP 4656/97  |0 0  |1 0  |4 0  |d 1997-05-12  |l 0  |r 2005-01-02 00:00:00  |w 2026-02-24